載入...

Human development in Kerala: disparities and distortions/

書目詳細資料
主要作者: Varghese,Bindu P.
語言:English
出版: 2004
主題:
LEADER 00362 a2200133 4500
008 100208b ||||| |||| 00| 0 eng d
082 |a 331.115483 VAR/HU 
100 |a Varghese,Bindu P. 
245 |a Human development in Kerala:  |b disparities and distortions/ 
260 |c 2004 
500 |a PhD-Thesis 
650 |a human development-Kerala. 
942 |c BK 
999 |c 318180  |d 318180